Normal view
MARC view
- Neale, B. S.
Entry Personal Name
001 - CONTROL NUMBER
- control field: 25828
003 - CONTROL NUMBER IDENTIFIER
- control field: NUST
005 - DATE AND TIME OF LATEST TRANSACTION
- control field: 20191119110320.0
008 - FIXED-LENGTH DATA ELEMENTS
- fixed length control field: 191119|| aca||aabn | a|a d
040 ## - CATALOGING SOURCE
- Original cataloging agency: NUST
- Transcribing agency: NUST
100 ## - HEADING--PERSONAL NAME
- Personal name: Neale, B. S.
- Fuller form of name: (Brian S.)
670 ## - SOURCE DATA FOUND
- Source citation: Work cat.: (NUST)0: B.S. Neale. 25826, Forensic engineering :, c2001.
